Essays on human rights : contemporary issues and Jewish perspectives /

Bibliographic Details
Corporate Author: McGill International Colloquium on Judaism and Human Rights
Other Authors: Sidorsky, David, Liskofsky, Sidney, Shestack, Jerome J., Baron, Salo W. (Salo Wittmayer), 1895-1989
Format: Conference Proceeding Book
Language:English
Published: Philadelphia : Jewish Publication Society of America, [1979]
Edition:1st ed.
Subjects:

MARC

Tag First Indicator Second Indicator Subfields
LEADER 00000cam a2200000 i 4500
001 in00000720321
005 20151016060910.0
008 080919s1979 pau b 00000 eng
010 |a  78001170  
020 |a 0827601077 :  |c $12.00 
035 |a (OCoLC)05248348 
035 |9 ADD1163AM 
040 |a DLC  |c DLC  |d TXA  |d UtOrBLW 
049 |a TXAM  |c [1160661] 
050 0 0 |a DS143  |b .E76 
082 0 |a 323.1/19/24 
245 0 0 |a Essays on human rights :  |b contemporary issues and Jewish perspectives /  |c edited by David Sidorsky, in collaboration with Sidney Liskofsky and Jerome J. Shestack ; Salo W. Baron [and others]. 
250 |a 1st ed. 
264 1 |a Philadelphia :  |b Jewish Publication Society of America,  |c [1979] 
264 4 |c ©1979 
300 |a xlv, 359 pages ;  |c 24 cm. 
336 |a text  |b txt  |2 rdacontent 
337 |a unmediated  |b n  |2 rdamedia 
338 |a volume  |b nc  |2 rdacarrier 
500 |a Originated out of the McGill International Colloquium on Judaism and Human Rights held April 1974 at McGill University. 
504 |a Includes bibliographical references. 
650 2 0 |a Jews  |x Politics and government  |x Congresses. 
650 2 0 |a Jews  |x Legal status, laws, etc.  |x Congresses. 
650 0 |a Civil rights  |v Congresses. 
650 0 |a Civil rights (Jewish law)  |x Congresses. 
700 1 |a Sidorsky, David. 
700 1 |a Liskofsky, Sidney. 
700 1 |a Shestack, Jerome J. 
700 1 |a Baron, Salo W.  |q (Salo Wittmayer),  |d 1895-1989. 
711 2 |a McGill International Colloquium on Judaism and Human Rights  |d (1974) 
999 |a MARS 
999 f f |s fbd19c8a-669f-33ab-aa68-728eb4fcc67e  |i de4fae98-aba1-369a-8cda-f56851ce729f  |t 0 
952 f f |p ric  |a Texas A&M University  |b Rellis Campus  |c Joint Library Facility  |d Remote Storage  |t 0  |e DS143 .E76  |h Library of Congress classification  |i unmediated -- volume  |m A14802037571 
998 f f |a DS143 .E76  |t 0  |l Remote Storage